000
00308nam a2200121 a 4500
005
20140513081046.0
008
020924s19uu xx 00 eng d
050
_a
VCD
_b
Bi592 1983
245
_a
Big and little in and out.
260
_a
Philippines :
_b
Viva Video,
_c
1983.
440
_a
Barney
999
_c
116171
_d
116171